Transformace české ekonomiky 1989-2004
Salvato in:
| Autore principale: | |
|---|---|
| Natura: | Libro |
| Lingua: | ceco |
| Pubblicazione: |
Praha
C.H. Beck
2006
|
| Edizione: | 2. vyd. |
| Serie: | Beckova edice ekonomie
|
| Soggetti: | |
| Tags: |
Nessun Tag, puoi essere il primo ad aggiungerne!!
|
MARC
| LEADER | 00000nam$a2200000$$$4500 | ||
|---|---|---|---|
| 001 | 0050751 | ||
| 005 | 20240313090525.5 | ||
| 020 | |a 80-7179-922-X | ||
| 041 | 0 | |a cze | |
| 044 | |a CZ | ||
| 245 | 1 | 0 | |a Transformace české ekonomiky |b 1989-2004 |c Libor Žídek |
| 250 | |a 2. vyd. | ||
| 264 | 1 | |a Praha |b C.H. Beck |c 2006 | |
| 300 | |a ix, 304 s. | ||
| 490 | 1 | |a Beckova edice ekonomie | |
| 830 | 0 | |a Beckova edice ekonomie | |
| 610 | 2 | 0 | |a transformácia |
| 610 | 2 | 0 | |a reformy hospodárske |
| 610 | 2 | 0 | |a politika hospodárska |
| 610 | 2 | 0 | |a Česko |
| 610 | 2 | 0 | |a situácia hospodárska |
| 610 | 2 | 0 | |a ukazovatele ekonomické |
| 610 | 2 | 0 | |a vývoj hospodársky |
| 610 | 2 | 0 | |a rovnováha vonkajšia |
| 610 | 2 | 0 | |a vzťahy vlastnícke |
| 610 | 2 | 0 | |a privatizácia |
| 610 | 2 | 0 | |a sústava banková |
| 610 | 2 | 0 | |a reštrukturalizácia |
| 610 | 2 | 0 | |a 1989-2004 |
| 100 | 1 | |a Žídek, Libor | |